Louis Kahn : the Dominican Motherhouse and a modern culture of space. On the thoughtful making of spaces (Record no. 10350)

000 -LEADER
fixed length control field 00489nam a2200169Ia 4500
003 - CONTROL NUMBER IDENTIFIER
control field OSt
005 - DATE AND TIME OF LATEST TRANSACTION
control field 20220314180439.0
008 - FIXED-LENGTH DATA ELEMENTS--GENERAL INFORMATION
fixed length control field 220308s9999 xx 000 0 und d
020 ## - INTERNATIONAL STANDARD BOOK NUMBER
International Standard Book Number 9783037782200
082 ## - DEWEY DECIMAL CLASSIFICATION NUMBER
Classification number 720.92
Item number MIC
100 ## - MAIN ENTRY--PERSONAL NAME
Personal name  Michael Merrill 
245 #0 - TITLE STATEMENT
Title Louis Kahn : the Dominican Motherhouse and a modern culture of space. On the thoughtful making of spaces
260 ## - PUBLICATION, DISTRIBUTION, ETC. (IMPRINT)
Name of publisher, distributor, etc Merrill, Michael, Dr.-Ing.
365 ## - TRADE PRICE
Price type code Lars muller publishers
365 ## - TRADE PRICE
Unit of pricing 35
942 ## - ADDED ENTRY ELEMENTS (KOHA)
Source of classification or shelving scheme
Holdings
Withdrawn status Lost status Source of classification or shelving scheme Damaged status Koha normalized classification for sorting Not for loan Permanent location Current location Date acquired Source of acquisition Cost, normal purchase price Full call number Barcode Date last seen Cost, replacement price Price effective from Koha item type
        720_920000000000000_MIC   BMS College of Architecture, Design and Planning BMS College of Architecture, Design and Planning 2022-03-14 1 2224.60 720.92 MIC AR-UG2517 2022-03-14 3178.00 2022-03-14 UG Books
Copyright © 2025, The Librarian, Library and Information Centre, BMSCA D&P, Bengaluru. All Rights Reserved
web counter

Powered by Koha